000 01219nam a2200301Ia 4500
003 OSt
005 20200825170839.0
008 191128s1995 ck gr 000 0 spa d
020 _a1801200
040 _aCo-JMCR
_cCo-JMCR
041 0 _aspa
082 0 4 _a370 .115
_bP923i
_223
082 _b M37
110 2 _aColombia. Presidencia de la República - Colsiencias
_99237
245 1 0 _aInforme Conjunto Colombia: Al Filo de la Oportunidad /
_cPresidencia de la República - Colsiencias ; edición Manuel Hernández B., Susana Ortiz O
250 _aPrimera edición
260 _aBogotá :
_bZeta periodismo,
_c1995.
300 _a241 páginas ;
_c24 cm.
440 _an
_99238
490 0 _aColección Documentos de la Misión
505 0 _aInstalación de la misión -- Entrega del informe conjunto de la misión -- Por un país al alcance de los niños -- Ciencia, educación y desarrollo -- Situación nacional e internacional -- Organizaciones, Educación, ciencia y tecnología
650 2 4 _aInforme
_99239
650 2 4 _aEducación desarrollo
_99240
650 2 4 _aEducación
_99241
700 1 _aHernadez B., Manual,
_eeditor
_99242
700 1 _a Ortiz O., Susana,
_deditora
_99243
942 _2ddc
_cBK
999 _c6068
_d6068